[Event "313rd YMCA Winter D"]
[Site "Warsaw"]
[Date "2026.02.17"]
[Round "6"]
[White "Dabrowski, Leszek"]
[Black "Kita, Jaroslaw"]
[Result "1-0"]
[WhiteElo "1479"]
[BlackElo "1617"]
[PlyCount "71"]
[EventDate "2026.01.13"]
[EventType "tourn"]
[EventRounds "1"]
[EventCountry "POL"]
[SourceDate "2026.01.13"]

1. e4 c5 2. Nf3 Nc6 3. d4 cxd4 4. c3 dxc3 5. Nxc3 e6 6. a3 a6 7. Bc4 Qc7 8. Qe2
b5 9. Bb3 Bd6 10. Be3 Bb7 11. Rc1 Rc8 12. O-O Nf6 13. h3 Qb8 14. Bg5 O-O 15.
Bxf6 gxf6 16. Rcd1 Qc7 17. Qd2 Bc5 18. Qxd7 Qb6 19. Qd2 Rfd8 20. Qe2 Nd4 21.
Nxd4 Bxd4 22. Na2 Qc6 23. Bd5 exd5 24. Rxd4 dxe4 25. Nb4 Qb6 26. Rxd8+ Rxd8 27.
Rd1 Rxd1+ 28. Qxd1 f5 29. Nc2 Kg7 30. Qh5 Qg6 31. Qh4 Qf6 32. Qg3+ Kh6 33. Qf4+
Kg6 34. Qg3+ Kh5 35. Ne3 f4 36. Qg4+ 1-0

[Event "313rd YMCA Winter D"]
[Site "Warsaw"]
[Date "2026.02.17"]
[Round "6"]
[White "Wiktorowski, Janusz"]
[Black "Przybylik, Mariusz"]
[Result "0-1"]
[WhiteElo "1563"]
[BlackElo "1508"]
[PlyCount "84"]
[EventDate "2026.01.13"]
[EventType "tourn"]
[EventRounds "1"]
[EventCountry "POL"]
[SourceDate "2026.01.13"]

1. e4 c5 2. Nf3 Nc6 3. d4 cxd4 4. Nxd4 d6 5. Nc3 Nf6 6. Be2 e6 7. O-O Be7 8.
Be3 O-O 9. f4 Nxd4 10. Bxd4 d5 11. e5 Nd7 12. Bd3 Bc5 13. Bxc5 Nxc5 14. Bxh7+
Kxh7 15. Qh5+ Kg8 16. Rf3 f5 17. Rh3 Qe8 18. Qh7+ Kf7 19. Re1 Ne4 20. Nxe4 fxe4
21. Ree3 Ke7 22. Qxg7+ Qf7 23. Qg5+ Kd7 24. Rc3 b6 25. Rh6 Rg8 26. Qh4 Bb7 27.
Rf6 Qe7 28. f5 Raf8 29. fxe6+ Ke8 30. Qh5+ Kd8 31. Qh4 Ke8 32. Rxf8+ Rxf8 33.
Qh5+ Kd8 34. Qh6 Re8 35. Rg3 Qxe6 36. Qh7 Re7 37. Qh8+ Re8 38. Qh4+ Qe7 39. Qh6
Qxe5 40. Rg7 Qd4+ 41. Kf1 Rf8+ 42. Ke2 Ba6+ 0-1

[Event "313rd YMCA Winter D"]
[Site "Warsaw"]
[Date "2026.02.17"]
[Round "6"]
[White "Ossolinski, Lukasz"]
[Black "Dabrowski, Dawid"]
[Result "1/2-1/2"]
[WhiteElo "1574"]
[BlackElo "1486"]
[PlyCount "58"]
[EventDate "2026.01.13"]
[EventType "tourn"]
[EventRounds "1"]
[EventCountry "POL"]
[SourceDate "2026.01.13"]

1. d4 Nf6 2. Nf3 c5 3. g3 cxd4 4. Nxd4 Nc6 5. Bg2 Nxd4 6. Qxd4 g6 7. O-O Bg7 8.
c4 O-O 9. Nc3 d6 10. Qd3 a6 11. e4 Qc7 12. Be3 Be6 13. Nd5 Nxd5 14. cxd5 Bd7
15. Rfc1 Qa5 16. Bd4 Bxd4 17. Qxd4 Rfc8 18. a3 Rc7 19. Rxc7 Qxc7 20. Re1 Rc8
21. Bf1 Qc5 22. Rd1 Qxd4 23. Rxd4 Rc2 24. Rb4 b5 25. Kg2 Kg7 26. Kf3 Kf6 27.
Ke3 h5 28. Bd3 Rc7 29. h4 Ke5 $11 1/2-1/2

[Event "313rd YMCA Winter D"]
[Site "Warsaw"]
[Date "2026.02.24"]
[Round "7"]
[White "Przybylik, Mariusz"]
[Black "Ossolinski, Lukasz"]
[Result "1-0"]
[WhiteElo "1508"]
[BlackElo "1574"]
[PlyCount "131"]
[EventDate "2026.01.13"]
[EventType "tourn"]
[EventRounds "1"]
[EventCountry "POL"]
[SourceDate "2026.01.13"]

1. d4 d5 2. Bf4 Nf6 3. e3 c5 4. c3 Nc6 5. Nd2 Bf5 6. Ngf3 e6 7. Be2 Be7 8. h3
O-O 9. O-O h6 10. dxc5 Bxc5 11. Nd4 Bg6 12. N2f3 Nxd4 13. exd4 Bd6 14. Bxd6
Qxd6 15. Bd3 Bxd3 16. Qxd3 Nd7 17. Rfe1 a6 18. Ne5 Nxe5 19. Rxe5 b5 20. a3 Rfd8
21. Rae1 Qc7 22. Qd2 $11 Qe7 23. f4 Rd6 24. f5 Rad8 25. Qe3 Re8 26. Qf3 Qf6 27.
Kf2 Qh4+ 28. Qg3 Qxg3+ 29. Kxg3 Kf8 30. Kf4 Ke7 31. g4 Kf6 32. h4 g5+ 33. fxg6
Kxg6 34. g5 hxg5+ 35. Rxg5+ Kh6 36. Ke5 f6+ 37. Kxd6 fxg5 38. hxg5+ Kxg5 39.
Rxe6 Rd8+ 40. Ke5 a5 41. Rd6 Rb8 42. Kxd5 b4 43. axb4 axb4 44. c4 Kf5 45. c5 b3
46. Rb6 Rd8+ 47. Kc4 Ke4 48. Re6+ Kf5 49. d5 Rc8 50. Re3 Ra8 51. Rxb3 Ra4+ 52.
Rb4 Ra1 53. Kb5 Ke5 54. d6 Ke6 55. Kc6 Ra7 56. Rb7 Ra6+ 57. Kc7 Ra5 58. b4 Ra8
59. d7 Ke7 60. c6 Rd8 61. Rb8 Rxb8 62. Kxb8 Kd8 63. c7+ Kxd7 64. c8=Q+ Kd6 65.
Ka7 Ke7 66. b5 1-0

[Event "313rd YMCA Winter D"]
[Site "Warsaw"]
[Date "2026.02.24"]
[Round "7"]
[White "Matyszkiewicz, Radoslaw"]
[Black "Wiktorowski, Janusz"]
[Result "0-1"]
[WhiteElo "1565"]
[BlackElo "1563"]
[PlyCount "72"]
[EventDate "2026.01.13"]
[EventType "tourn"]
[EventRounds "1"]
[EventCountry "POL"]
[SourceDate "2026.01.13"]

1. e4 e5 2. Nf3 Nc6 3. Bb5 a6 4. Ba4 Nf6 5. O-O b5 6. Bb3 Bc5 7. d3 Bb7 8. Re1
h6 9. c3 d6 10. Nbd2 Qd7 11. d4 exd4 12. cxd4 Nxd4 13. Nxd4 Bxd4 14. Nf3 Be5
15. Bd5 c6 16. Bb3 O-O 17. Nh4 Qg4 18. Nf3 c5 19. h3 Qg6 20. Nxe5 dxe5 21. f3
Rad8 22. Qe2 Nh5 23. Bc2 Qg3 24. Qf2 Qxf2+ 25. Kxf2 Rd7 26. Be3 Rfd8 27. g3 c4
28. Bb6 Rd2+ 29. Re2 Rxe2+ 30. Kxe2 Nxg3+ 31. Ke3 Rd7 32. f4 exf4+ 33. Kxf4
Nh5+ 34. Kf5 Rd2 35. Bd1 Bc8+ 36. Ke5 f6# 0-1

[Event "313rd YMCA Winter D"]
[Site "Warsaw"]
[Date "2026.02.24"]
[Round "7"]
[White "Kozera, Konrad"]
[Black "Dabrowski, Leszek"]
[Result "1-0"]
[WhiteElo "1592"]
[BlackElo "1479"]
[PlyCount "41"]
[EventDate "2026.01.13"]
[EventType "tourn"]
[EventRounds "1"]
[EventCountry "POL"]
[SourceDate "2026.01.13"]

1. e4 d5 2. exd5 Nf6 3. d4 Nxd5 4. c4 Nb4 5. Qa4+ N8c6 6. d5 b5 7. cxb5 Bf5 8.
Na3 Qxd5 9. Be3 Qe4 10. b3 Nd4 11. O-O-O Ndc2 12. b6+ c6 13. b7 Rb8 14. Qxa7
Qe5 15. Nxc2 Bxc2 16. Bd4 Qc7 17. Bb6 Qf4+ 18. Rd2 Be4 19. Qxb8+ Qxb8 20. Rd8+
Qxd8 21. Bxd8 1-0

[Event "313rd YMCA Winter D"]
[Site "Warsaw"]
[Date "2026.02.25"]
[Round "7"]
[White "Sloniewski, Wojciech"]
[Black "Florczak, Witold"]
[Result "1-0"]
[WhiteElo "1486"]
[BlackElo "1480"]
[PlyCount "53"]
[EventDate "2026.01.13"]
[EventType "tourn"]
[EventRounds "1"]
[EventCountry "POL"]
[SourceDate "2026.01.13"]

1. e4 c6 2. d4 d5 3. exd5 cxd5 4. Bd3 Nc6 5. c3 g6 6. Bf4 Bf5 7. Nf3 Bxd3 8.
Qxd3 e6 9. O-O Bg7 10. Re1 Nge7 11. Nbd2 O-O 12. Re2 a6 13. Rae1 b5 14. Ne5 b4
15. Ndf3 bxc3 16. bxc3 Qa5 17. Ng5 Nxe5 18. Bxe5 Rac8 19. Qh3 h6 20. Bxg7 Kxg7
21. Nxe6+ fxe6 22. Rxe6 Nf5 23. g4 Rxc3 24. Rxg6+ Kxg6 25. gxf5+ Kg5 26. f4+
Kxf4 27. Qh4+ 1-0

[Event "313rd YMCA Winter D"]
[Site "Warsaw"]
[Date "2026.03.10"]
[Round "8"]
[White "Dabrowski, Leszek"]
[Black "Sloniewski, Wojciech"]
[Result "1-0"]
[WhiteElo "1479"]
[BlackElo "1486"]
[PlyCount "77"]
[EventDate "2026.01.13"]
[EventType "tourn"]
[EventRounds "1"]
[EventCountry "POL"]
[SourceDate "2026.01.13"]

1. e4 c5 2. Nf3 e6 3. b4 b6 4. a3 Qc7 5. Bb2 Bb7 6. d3 cxb4 7. axb4 Bxb4+ 8.
Nbd2 Nf6 9. c4 d6 10. Be2 Nbd7 11. O-O O-O 12. Qb1 Ba5 13. Nb3 Bb4 14. Nfd4 d5
15. cxd5 exd5 16. Ra4 a5 17. Rc1 Qd6 18. Nb5 Qe7 19. Bf3 Rac8 20. Nc3 Bc6 21.
Ra1 Bxc3 22. Bxc3 dxe4 23. Re1 a4 24. Nd4 Qc5 25. Nxc6 Qxc6 26. Bxf6 Nxf6 27.
dxe4 Rfd8 28. e5 Nd5 29. Rd1 Ra8 30. Qe4 Ra5 31. Rac1 Qe6 32. Bg4 Qe8 33. e6 f6
34. Qc4 Rc5 35. Qa2 Rxc1 36. Rxc1 g6 37. Rd1 Nc3 38. Rxd8 Qxd8 39. e7+ 1-0

[Event "313rd YMCA Winter D"]
[Site "Warsaw"]
[Date "2026.02.26"]
[Round "8"]
[White "Wiktorowski, Janusz"]
[Black "Kita, Jaroslaw"]
[Result "1/2-1/2"]
[WhiteElo "1563"]
[BlackElo "1617"]
[PlyCount "139"]
[EventDate "2026.01.13"]
[EventType "tourn"]
[EventRounds "1"]
[EventCountry "POL"]
[SourceDate "2026.01.13"]

1. e4 c5 2. Nf3 Nc6 3. d4 cxd4 4. Nxd4 Nf6 5. Nc3 e5 6. Nf3 Bb4 7. Bc4 Nxe4 8.
Qd5 Nd6 9. Bd3 O-O 10. Bxh7+ Kxh7 11. Ng5+ Kg8 12. Qd3 Re8 13. Qh7+ Kf8 14. O-O
Bxc3 15. bxc3 Qf6 16. Ba3 Qh6 17. Qxh6 gxh6 18. Bxd6+ Kg7 19. Nf3 f6 20. Nh4
Na5 21. Nf5+ Kg6 22. g4 Nc4 23. Rad1 b5 24. Ne3 Nxe3 25. fxe3 Bb7 26. h4 Rac8
27. Bb4 d5 28. Rf5 Rc4 29. h5+ Kg7 30. Rdf1 Rxg4+ 31. Kf2 Re6 32. Bc5 a6 33.
Bb4 Rg5 34. Rg1 Rxg1 35. Kxg1 Bc8 36. Rf3 Re8 37. Rg3+ Kf7 38. Kf2 Rg8 39. Rxg8
Kxg8 40. Kg3 Kf7 41. Kf3 Bf5 42. a3 Bxc2 43. Kg3 Bd1 44. Kh4 Bf3 45. Bc5 Bd1
46. Bb4 f5 47. Bd6 e4 48. Bf4 Kg7 49. Be5+ Kh7 50. Bf4 Be2 51. Be5 Bc4 52. Bf4
Ba2 53. Be5 Bb1 54. Bf4 Bd3 55. Be5 Be2 56. Bf4 Bg4 57. Be5 Bd1 58. Bf4 Ba4 59.
Be5 Bb3 60. Bf4 Bc4 61. Be5 Bb3 62. Bf4 Bc4 63. Be5 Ba2 64. Bf4 Bb1 65. Be5 Kg8
66. Bf4 Kg7 67. Be5+ Kg8 68. Bf4 Kh7 69. Be5 Bd3 70. Bf4 1/2-1/2

[Event "313rd YMCA Winter D"]
[Site "Warsaw"]
[Date "2026.03.03"]
[Round "8"]
[White "Ossolinski, Lukasz"]
[Black "Matyszkiewicz, Radoslaw"]
[Result "1-0"]
[WhiteElo "1574"]
[BlackElo "1565"]
[PlyCount "73"]
[EventDate "2026.01.13"]
[EventType "tourn"]
[EventRounds "1"]
[EventCountry "POL"]
[SourceDate "2026.01.13"]

1. e4 c5 2. Nf3 e6 3. d4 cxd4 4. Nxd4 a6 5. c4 Qc7 6. Nc3 Nf6 7. Be2 Nc6 8. O-O
Be7 9. Be3 b6 10. Rc1 Bc5 11. Bf3 Ne5 12. Be2 Bb7 13. f3 Nc6 14. Bf2 Nh5 15. a3
Nf4 16. b4 Bd6 17. Bg3 h5 18. Ndb5 axb5 19. Nxb5 Qb8 20. Nxd6+ Qxd6 21. Qxd6
Nxe2+ 22. Kf2 Nxc1 23. Rxc1 Rxa3 24. b5 Ra2+ 25. Ke3 Ne7 26. Rd1 Bc8 27. Qxb6
f6 28. Bd6 Rxg2 29. Qc5 Rg5 30. Qb4 Ng6 31. b6 Bb7 32. Bf4 Nxf4 33. Kxf4 e5+
34. Ke3 f5 35. Qd6 f4+ 36. Kf2 Bc6 37. Qb8+ 1-0

[Event "313rd YMCA Winter D"]
[Site "Warsaw"]
[Date "2026.03.03"]
[Round "8"]
[White "Dabrowski, Dawid"]
[Black "Przybylik, Mariusz"]
[Result "1-0"]
[WhiteElo "1486"]
[BlackElo "1508"]
[PlyCount "55"]
[EventDate "2026.01.13"]
[EventType "tourn"]
[EventRounds "1"]
[EventCountry "POL"]
[SourceDate "2026.01.13"]

1. c4 c5 2. Nc3 Nf6 3. g3 e6 4. Bg2 d5 5. cxd5 exd5 6. d4 cxd4 7. Qxd4 Nc6 8.
Qa4 Be6 9. Nf3 Bb4 10. O-O O-O 11. Nb5 Bc5 12. Rd1 Qb6 13. e3 Rfd8 14. Nbd4 Bd7
15. Qc2 Bg4 16. h3 Bxd4 17. hxg4 Bc5 18. Qa4 d4 19. exd4 Nxd4 20. Bg5 Nxf3+ 21.
Bxf3 Bxf2+ 22. Kg2 Rxd1 23. Rxd1 Qxb2 24. Rd2 Qe5 25. Bf4 Qe6 26. Rxf2 Nxg4 27.
Re2 Qg6 28. Re8+ 1-0

[Event "313rd YMCA Winter D"]
[Site "Warsaw"]
[Date "2026.03.10"]
[Round "9"]
[White "Matyszkiewicz, Radoslaw"]
[Black "Dabrowski, Dawid"]
[Result "1/2-1/2"]
[WhiteElo "1565"]
[BlackElo "1486"]
[PlyCount "166"]
[EventDate "2026.01.13"]
[EventType "tourn"]
[EventRounds "1"]
[EventCountry "POL"]
[SourceDate "2026.01.13"]

1. e4 c5 2. Nf3 Nc6 3. d4 cxd4 4. Nxd4 g6 5. Nc3 Bg7 6. Be3 Nf6 7. Bc4 O-O 8.
f3 Qb6 9. Qd3 Ne5 10. Qe2 Qxb2 11. O-O Qxc3 12. Bb3 a6 13. Rab1 Nc6 14. Rfd1
Nxd4 15. Bxd4 Qc7 16. Qe3 d6 17. c4 Nd7 18. Kh1 Bxd4 19. Rxd4 Nc5 20. Bc2 Ne6
21. Rd5 Qxc4 22. Bb3 Qc7 23. f4 Ng7 24. f5 gxf5 25. exf5 Bxf5 26. Rc1 Qd7 27.
Qg3 Rac8 28. Rf1 Bg6 29. h4 Rc5 30. Rd4 Rf5 31. Re1 d5 32. Bd1 Rf6 33. Re5 Be4
34. Rexe4 Rf1+ 35. Kh2 Qd6 36. Qxd6 exd6 37. Rxd5 Re8 38. Rg4 Re6 39. Bc2 Rf2
40. Bd3 h6 41. a4 Kf8 42. Rc4 Rb2 43. Rc8+ Ne8 44. Rb8 Rb4 45. Bxa6 Rxh4+ 46.
Kg3 Rxa4 47. Bb5 Rae4 48. Rxb7 Re7 49. Rb8 $11 Kg7 50. Rxe8 Rxe8 51. Bxe8 Rxe8
52. Rxd6 Re6 53. Rd5 Kg6 54. Kg4 Re2 55. Kf3 Re6 56. Kg4 f6 57. Kf4 Re5 58. Rd6
Rf5+ 59. Kg4 h5+ 60. Kg3 Kg5 61. Rd4 Re5 62. Kf3 f5 63. Rd8 Re6 64. Rg8+ Rg6
65. Re8 Kh4 66. Re1 Kg5 67. Re2 h4 68. Re8 Rg7 69. Rf8 Rg6 70. Rf7 Rg8 71. Rh7
Ra8 72. Rg7+ Kf6 73. Rh7 Ra3+ 74. Kf4 Ra4+ 75. Kf3 Kg5 76. Rg7+ Kf6 77. Rh7 Ke5
78. Re7+ Kd6 79. Re8 Kd7 80. Re5 Ra3+ 81. Kf2 Ra2+ 82. Kf3 Ra3+ 83. Kf2 Ra2+
1/2-1/2

[Event "313rd YMCA Winter D"]
[Site "Warsaw"]
[Date "2026.03.10"]
[Round "9"]
[White "Kita, Jaroslaw"]
[Black "Ossolinski, Lukasz"]
[Result "1/2-1/2"]
[WhiteElo "1617"]
[BlackElo "1574"]
[PlyCount "44"]
[EventDate "2026.01.13"]
[EventType "tourn"]
[EventRounds "1"]
[EventCountry "POL"]
[SourceDate "2026.01.13"]

1. e4 c5 2. Nf3 e6 3. d4 cxd4 4. Nxd4 a6 5. Nc3 Nc6 6. g3 Qc7 7. Bg2 Nf6 8. O-O
Be7 9. Nxc6 dxc6 10. Bf4 e5 11. Be3 O-O 12. h3 Be6 13. Qc1 b5 14. f4 exf4 15.
Bxf4 Qb6+ 16. Be3 Bc5 17. Bxc5 Qxc5+ 18. Kh2 Rad8 19. Rd1 Qf2 20. Rf1 Qd2 21.
Rd1 Qf2 22. Rf1 Qd2 1/2-1/2

[Event "313rd YMCA Winter D"]
[Site "Warsaw"]
[Date "2026.03.13"]
[Round "9"]
[White "Kozera, Konrad"]
[Black "Wiktorowski, Janusz"]
[Result "1-0"]
[WhiteElo "1592"]
[BlackElo "1563"]
[PlyCount "69"]
[EventDate "2026.01.13"]
[EventType "tourn"]
[EventRounds "1"]
[EventCountry "POL"]
[SourceDate "2026.01.13"]

1. e4 e5 2. Nf3 Nc6 3. d4 exd4 4. Nxd4 Nxd4 5. Qxd4 d6 6. Nc3 Nf6 7. b3 Be7 8.
Bb2 O-O 9. O-O-O Be6 10. f3 c5 11. Qf2 a6 12. g4 Qc7 13. g5 Nh5 14. Qh4 g6 15.
Nd5 Bxd5 16. Rxd5 f6 17. Bh3 Qd8 18. Be6+ Kh8 19. Bg4 Ng7 20. Qh6 Rf7 21. h4
Kg8 22. h5 Nf5 23. exf5 Bf8 24. hxg6 Bxh6 25. gxf7+ Kxf7 26. Rxh6 Qg8 27. Bh5+
Ke7 28. Bxf6+ Kd7 29. Rd2 c4 30. Be5 Qxg5 31. Rhxd6+ Kc8 32. Bg4 h5 33. f4 h4
34. f6+ Kb8 35. Rxa6+ 1-0

[Event "313rd YMCA Winter D"]
[Site "Warsaw"]
[Date "2026.03.17"]
[Round "10"]
[White "Wiktorowski, Janusz"]
[Black "Sloniewski, Wojciech"]
[Result "1-0"]
[WhiteElo "1563"]
[BlackElo "1486"]
[PlyCount "73"]
[EventDate "2026.01.13"]
[EventType "tourn"]
[EventRounds "1"]
[EventCountry "POL"]
[SourceDate "2026.01.13"]

1. e4 c5 2. Nf3 Nc6 3. d4 cxd4 4. Nxd4 Qc7 5. Be3 e6 6. Nf3 Nf6 7. Bd3 d5 8.
exd5 Nxd5 9. Qd2 Ncb4 10. O-O Nxd3 11. cxd3 Nxe3 12. fxe3 Bd6 13. Nc3 a6 14.
Rac1 Qd7 15. d4 O-O 16. Ne4 Be7 17. Qa5 b5 18. Nc5 Qd5 19. e4 Qd6 20. a3 Rd8
21. Qc3 Bf8 22. b4 g6 23. Qe3 Bg7 24. e5 Qe7 25. Kh1 Rb8 26. Ne4 Bb7 27. Nfg5
Bh6 28. Nf6+ Kg7 29. Qh3 Rxd4 30. Rce1 Rd2 31. Nf3 Ra2 32. Rd1 Rd8 33. Qh4 g5
34. Qh3 Rxa3 35. Ng4 Bxf3 36. Qxh6+ Kg8 37. Nf6+ 1-0

[Event "313rd YMCA Winter D"]
[Site "Warsaw"]
[Date "2026.03.17"]
[Round "10"]
[White "Ossolinski, Lukasz"]
[Black "Kozera, Konrad"]
[Result "0-1"]
[WhiteElo "1574"]
[BlackElo "1592"]
[PlyCount "94"]
[EventDate "2026.01.13"]
[EventType "tourn"]
[EventRounds "1"]
[EventCountry "POL"]
[SourceDate "2026.01.13"]

1. e4 e6 2. d4 d5 3. Nd2 Nc6 4. Ngf3 Nf6 5. e5 Nd7 6. Nb3 f6 7. Bf4 Be7 8. Bd3
O-O 9. h4 fxe5 10. Bxe5 Ndxe5 11. dxe5 Nb4 12. Be2 c5 13. c3 Nc6 14. Bd3 c4 15.
Bxh7+ Kxh7 16. Ng5+ Bxg5 17. hxg5+ Kg8 18. Rh8+ Kxh8 19. Qh5+ Kg8 20. g6 Rf5
21. Qh7+ Kf8 22. Qh8+ Ke7 23. Qxg7+ Ke8 24. Nc5 Qe7 25. Qh8+ Rf8 26. g7 Qxc5
27. Qh5+ Kd7 28. gxf8=Q Qxf8 29. Qh7+ Ne7 30. f3 b6 31. O-O-O Qf4+ 32. Kb1 Qf5+
33. Qxf5 Nxf5 34. Rh1 Bb7 35. g4 Ne7 36. Rh7 Rf8 37. g5 Rxf3 38. g6 Rg3 39. g7
d4 40. Rh8 Rg1+ 41. Kc2 d3+ 42. Kd2 Rg2+ 43. Ke3 d2 44. g8=Q Nxg8 45. b3 d1=Q
46. bxc4 Qf3+ 47. Kd4 Rg4# 0-1

[Event "313rd YMCA Winter D"]
[Site "Warsaw"]
[Date "2026.03.17"]
[Round "10"]
[White "Dabrowski, Dawid"]
[Black "Kita, Jaroslaw"]
[Result "0-1"]
[WhiteElo "1486"]
[BlackElo "1617"]
[PlyCount "94"]
[EventDate "2026.01.13"]
[EventType "tourn"]
[EventRounds "1"]
[EventCountry "POL"]
[SourceDate "2026.01.13"]

1. c4 e6 2. Nc3 d5 3. cxd5 exd5 4. d4 Nf6 5. g3 c5 6. Bg2 cxd4 7. Qxd4 Nc6 8.
Qd1 d4 9. Ne4 Be7 10. Nxf6+ Bxf6 11. Nf3 O-O 12. O-O Bg4 13. a3 Qb6 14. Qd3 h6
15. b4 Rfe8 16. Ra2 a6 17. Rc2 Bh5 18. Rd2 Bg6 19. Qc4 Rac8 20. Qa2 Qb5 21.
Rfd1 Rcd8 22. Bf1 Qb6 23. Bb2 Rd6 24. e3 Red8 25. Qa1 Bh5 26. Kg2 Bxf3+ 27.
Kxf3 Ne5+ 28. Kg2 Qc6+ 29. f3 Qxf3+ 30. Kg1 Qxe3+ 31. Kh1 Ng4 32. Kg2 d3 33.
Bxf6 Rxf6 34. Qb2 Qe4+ 35. Kg1 Qe3+ 36. Kg2 Rfd6 37. h3 Ne5 38. Rf2 Qe4+ 39.
Kh2 Nf3+ 40. Rxf3 Qxf3 41. Qd2 Rg6 42. g4 Rf6 43. Bg2 Qf2 44. Qc3 Rc6 45. Qe5
Rc2 46. Qe4 Re2 47. Qxb7 d2 0-1

[Event "313rd YMCA Winter D"]
[Site "Warsaw"]
[Date "2026.03.17"]
[Round "10"]
[White "Przybylik, Mariusz"]
[Black "Matyszkiewicz, Radoslaw"]
[Result "0-1"]
[WhiteElo "1508"]
[BlackElo "1565"]
[PlyCount "108"]
[EventDate "2026.01.13"]
[EventType "tourn"]
[EventRounds "1"]
[EventCountry "POL"]
[SourceDate "2026.01.13"]

1. d4 g6 2. c4 Nf6 3. Nc3 Bg7 4. Nf3 d6 5. e4 O-O 6. Bd3 Nbd7 7. O-O c5 8. dxc5
Nxc5 9. Bc2 a5 10. h3 Bd7 11. Rb1 Bc6 12. Re1 Nfd7 13. Nd4 Rb8 14. Bg5 Ne5 15.
b3 Bd7 16. Ncb5 f6 17. Bf4 Nc6 18. Nxc6 Bxc6 19. Nxd6 exd6 20. Bxd6 b6 21. Bxf8
Qxf8 22. Qe2 Re8 23. f3 f5 24. Rbd1 fxe4 25. Bxe4 Nxe4 26. fxe4 Rxe4 27. Qd3
Bd4+ 28. Kh1 Rxe1+ 29. Rxe1 Bxg2+ 30. Kh2 Qf2 31. Qg3 Bc6+ 32. Qxf2 Bxf2 33.
Re2 Bc5 34. Re1 Bd7 35. Rd1 Bf5 36. Re1 Kf7 37. Re2 Kf6 38. Re1 Kg5 39. Rf1
Bd6+ 40. Kg2 Kh4 41. Kf3 Bxh3 42. Rh1 g5 43. Ke3 Bc5+ 44. Ke4 Kg3 45. Rd1 h5
46. Rd8 h4 47. Rh8 Kg4 48. Rh6 Bg2+ 49. Kd3 h3 50. a3 Bxa3 51. Rxb6 h2 52. Rh6
Bh3 53. Ra6 Bb4 54. c5 Bf1+ 0-1

[Event "313rd YMCA Winter D"]
[Site "Warsaw"]
[Date "2026.03.24"]
[Round "11"]
[White "Kita, Jaroslaw"]
[Black "Przybylik, Mariusz"]
[Result "0-1"]
[WhiteElo "1617"]
[BlackElo "1508"]
[PlyCount "42"]
[EventDate "2026.01.13"]
[EventType "tourn"]
[EventRounds "1"]
[EventCountry "POL"]
[SourceDate "2026.01.13"]

1. e4 c5 2. Nf3 Nc6 3. d4 cxd4 4. Nxd4 d6 5. Nc3 Nf6 6. Bg5 e5 7. Ndb5 a6 8.
Na3 Be7 9. Bxf6 Bxf6 10. Nd5 Be6 11. Nxf6+ gxf6 12. Bc4 Qe7 13. c3 O-O 14. O-O
Rad8 15. Qf3 Kh8 16. Rfd1 Rg8 17. Bd3 Bg4 18. Qe3 Bxd1 19. Rxd1 Qe6 20. Bc4 Qg4
21. g3 Qxd1+ 0-1

[Event "313rd YMCA Winter D"]
[Site "Warsaw"]
[Date "2026.03.24"]
[Round "11"]
[White "Kozera, Konrad"]
[Black "Dabrowski, Dawid"]
[Result "1-0"]
[WhiteElo "1592"]
[BlackElo "1486"]
[PlyCount "87"]
[EventDate "2026.01.13"]
[EventType "tourn"]
[EventRounds "1"]
[EventCountry "POL"]
[SourceDate "2026.01.13"]

1. e4 c5 2. Nf3 g6 3. d4 cxd4 4. Nxd4 Bg7 5. Nc3 Nc6 6. Be3 Nf6 7. Bc4 O-O 8.
Bb3 d6 9. f3 Na5 10. Qd2 Nxb3 11. Nxb3 a6 12. O-O-O Be6 13. Kb1 b5 14. g4 b4
15. Nd5 a5 16. Nxf6+ Bxf6 17. Bh6 Re8 18. h4 a4 19. Nd4 Bd7 20. h5 b3 21. cxb3
axb3 22. a3 Qb6 23. hxg6 fxg6 24. Be3 Qa5 25. Qh2 Kf7 26. Qxh7+ Bg7 27. Rh6 g5
28. Rdh1 Qe5 29. Qg6+ Kf8 30. R6h5 Qf6 31. Rxg5 Qxg6 32. Rxg6 Kf7 33. Rg5 Rh8
34. Rgh5 Rhf8 35. Nxb3 Rab8 36. Nd4 Rfc8 37. Rc1 Rf8 38. Rc2 Ba4 39. Rc4 Bd7
40. Bh6 Bxh6 41. Rxh6 Kg7 42. Rh5 Kg6 43. Rc7 Rfd8 44. Nf5 1-0

[Event "313rd YMCA Winter D"]
[Site "Warsaw"]
[Date "2026.03.24"]
[Round "11"]
[White "Sloniewski, Wojciech"]
[Black "Ossolinski, Lukasz"]
[Result "1/2-1/2"]
[WhiteElo "1486"]
[BlackElo "1574"]
[PlyCount "61"]
[EventDate "2026.01.13"]
[EventType "tourn"]
[EventRounds "1"]
[EventCountry "POL"]
[SourceDate "2026.01.13"]

1. e4 d5 2. exd5 Nf6 3. Nc3 Nxd5 4. Nf3 Nc6 5. Bc4 Nxc3 6. bxc3 e5 7. O-O Bf5
8. d4 e4 9. Ng5 Bg6 10. Re1 f5 11. Ne6 Qd7 12. d5 Na5 13. Bb5 c6 14. dxc6 bxc6
15. Qxd7+ Kxd7 16. Nxf8+ Rhxf8 17. Rd1+ Ke6 18. Be2 Rfd8 19. Bf4 Nb7 20. Bg5
Rxd1+ 21. Rxd1 Na5 22. Ba6 Rb8 23. Bf4 Rb2 24. Be3 Rxc2 25. Bxa7 Rxc3 26. Bb6
Nc4 27. Bc8+ Ke7 28. Rd7+ Ke8 29. Rd8+ Ke7 30. Rd7+ Ke8 31. Rd8+ 1/2-1/2

[Event "313rd YMCA Winter D"]
[Site "Warsaw"]
[Date "2026.03.24"]
[Round "11"]
[White "Florczak, Witold"]
[Black "Wiktorowski, Janusz"]
[Result "1-0"]
[WhiteElo "1480"]
[BlackElo "1563"]
[PlyCount "155"]
[EventDate "2026.01.13"]
[EventType "tourn"]
[EventRounds "1"]
[EventCountry "POL"]
[SourceDate "2026.01.13"]

1. e4 e5 2. Nf3 Nc6 3. Bc4 Bc5 4. d3 h6 5. a4 Nf6 6. O-O d6 7. c3 a6 8. Re1 Bg4
9. h3 Bh5 10. Nbd2 O-O 11. b4 Ba7 12. Nf1 Qd7 13. Ng3 Bg6 14. Nh4 Kh7 15. Qf3
Ng8 16. Bd2 Nce7 17. b5 f5 18. exf5 Bxf5 19. Nhxf5 Nxf5 20. Nxf5 Rxf5 21. Qxb7
Bxf2+ 22. Kh1 Raf8 23. Rf1 axb5 24. Bd5 Rh5 25. Kh2 Qe7 26. Be1 Bxe1 27. Rxf8
Bg3+ 28. Kxg3 Qxf8 29. Kh2 Qf4+ 30. Kh1 Nf6 31. Bf3 Rh4 32. Rf1 Qxa4 33. Qc8
Qb3 34. Qf5+ Kh8 35. Qc8+ Qg8 36. Qxc7 Ne8 37. Qc6 Rf4 38. Qxb5 Rf8 39. Kg1 Nf6
40. Qb4 Qe6 41. Bg4 Qe7 42. Bf3 Qa7+ 43. Kh1 Nh5 44. Kh2 Qe7 45. Kg1 Nf4 46.
Qe4 Qg5 47. Kh2 d5 48. Qe3 Nxh3 49. Qxg5 Nxg5 50. Kg3 Nxf3 51. Rxf3 Rxf3+ 52.
Kxf3 g6 53. c4 e4+ 54. Ke3 dxc4 55. dxc4 Kg8 56. Kxe4 Kf7 57. Ke5 Ke7 58. c5 h5
59. c6 h4 60. c7 Kd7 61. c8=Q+ Kxc8 62. Kf6 Kd7 63. Kxg6 Ke7 64. Kg5 Kf7 65.
Kxh4 Kg6 66. Kg4 Kg7 67. Kg5 Kh7 68. g3 Kg7 69. g4 Kh7 70. Kf6 Kg8 71. Kg6 Kh8
72. Kf7 Kh7 73. g5 Kh8 74. Kf6 Kg8 75. Kg6 Kh8 76. Kf7 Kh7 77. g6+ Kh8 78. g7+
1-0